000 00763cam a2200133 4500500
005 20260405085558.0
041 _afre
042 _adc
100 1 0 _aLebrun, François
_eauthor
245 0 0 _aLa vie conjugale sous l'Ancien Régime
260 _bArmand Colin,
_c2016.
520 _aUne analyse des réalités de la vie conjugale (le mariage, la famille conjugale, les problèmes de la sexualité, l'enfant, la limitation du nombre des enfants) qui conduisent à une nouvelle lecture de la société d'Ancien Régime. Nouvelle présentation et ajout d'une bibliographie commentée sur les derniers ouvrages parus sur le sujet.
856 4 1 _uhttps://shs.cairn.info/la-vie-conjugale-sous-l-ancien-regime--9782200019532?lang=fr&redirect-ssocas=7080
999 _c2198685
_d2198685